West Midlands Places - Sudden Death - Statistics

General Stats
  • This quiz has been taken 82 times
    72 since last reset
  • The average score is 8 of 12
Answers on the Grid
Answers color-coded by a green-red scale on the quiz's grid according to % correct below.
Bilston
Birmingham
Coventry
Droitwich Spa
Dudley
Halesowen
Kingswinford
Leek
Oldham
Peterborough
Poole
Ross-on-Wye
Shrewsbury
Solihull
Stafford
Stockport
Stourbridge
Trowbridge
Walsall
Watford
Wednesbury
West Bromwich
Wolverhampton
Worksop
 
Answer Stats
Answer % Correct
West Bromwich
80%
Birmingham
76%
Dudley
76%
Walsall
74%
Solihull
72%
Wolverhampton
72%
Halesowen
70%
Coventry
65%
Wednesbury
63%
Stourbridge
61%
Bilston
57%
Kingswinford
39%
No matching quizzes found
Score Distribution
Percent of People with Each Score
Percentile by Number Answered
Your Score History
You have not taken this quiz since the last reset